| 000 | 01229nab a22002537a 4500 | ||
|---|---|---|---|
| 999 |
_c5469 _d5469 |
||
| 003 | OSt | ||
| 005 | 20251113133502.0 | ||
| 008 | 190604e xxu||||| |||| 00| 0 spa d | ||
| 040 | _cPJ | ||
| 100 |
_96472 _aArrascaeta, Juan J. |
||
| 245 | 1 | 0 |
_aA favor de la acción recursoria entre coautores de un ilícito doloso / _cJuan J. Arrascaeta, Lucca T. Cosentino. |
| 260 |
_aCiudad Autónoma de Buenos Aires : _bThomson Reuters La Ley, _c2025. |
||
| 300 | _ap. 159-163 | ||
| 500 | _aCita Online: TR LALEY AR/DOC/1254/2025. | ||
| 505 | _aSumario: I. Introducción.— II. El primer argumento: una analogía inexacta.— III. El segundo argumento: nemo auditur propriam turpitudinem allegans.— IV. Otros fundamentos de nuestra postura.— V. Conclusiones. | ||
| 505 | _t¿Te interesa el texto completo? Solicitalo al correo: koha@justierradelfuego.gov.ar | ||
| 650 | 0 |
_91497 _aCODIGO CIVIL Y COMERCIAL |
|
| 650 | 0 |
_93332 _aDAÑO RESARCIBLE |
|
| 650 | 0 |
_93929 _aACCIÓN CIVIL |
|
| 650 | 0 |
_92693 _aDOLO |
|
| 700 |
_96473 _aCosentino, Lucca T. _ecoautor |
||
| 773 | 0 |
_02714 _93171 _dCiudad Autónoma de Buenos Aires : Thomson Reuters La Ley, 2014- _tRevista anales de legislación argentina. Nº 7 - Julio 2025. |
|
| 942 |
_2udc _cANA |
||